UBT Library

A guide to the National Gallery / (Record no. 43900)

000 -LEADER
fixed length control field 00626cam a2200229 i 4500
001 - CONTROL NUMBER
control field 4131364
005 - DATE AND TIME OF LATEST TRANSACTION
control field 20180301094057.0
008 - FIXED-LENGTH DATA ELEMENTS--GENERAL INFORMATION
fixed length control field 761217s1976 enkacej c 001 0 eng
010 ## - LIBRARY OF CONGRESS CONTROL NUMBER
LC control number 76382243
015 ## - NATIONAL BIBLIOGRAPHY NUMBER
National bibliography number GB76-15044
020 ## - INTERNATIONAL STANDARD BOOK NUMBER
International Standard Book Number 0901791601 :
Terms of availability £0.50
040 ## - CATALOGING SOURCE
Original cataloging agency DLC
Transcribing agency DLC
Modifying agency DLC
041 ## - LANGUAGE CODE
Language code of text/sound track or separate title eng
043 ## - GEOGRAPHIC AREA CODE
Geographic area code e-uk-en
080 ## - UNIVERSAL DECIMAL CLASSIFICATION NUMBER
Universal Decimal Classification number 759.9407402132 POT
082 00 - DEWEY DECIMAL CLASSIFICATION NUMBER
Classification number 759.9407402132 POT
100 ## - Rafti
Rafti 44
101 ## - Shkurtesa
Shkurtesa ART
245 12 - TITLE STATEMENT
Title A guide to the National Gallery /
Statement of responsibility, etc [by] Homan Potterton ; with a foreword by Michael Levey ....
906 ## - LOCAL DATA ELEMENT F, LDF (RLIN)
a 7
b cbc
c orignew
d 3
e ncip
f 19
g y-gencatlg
942 ## - ADDED ENTRY ELEMENTS (KOHA)
Source of classification or shelving scheme
Item type Books
Holdings
Withdrawn status Lost status Source of classification or shelving scheme Damaged status Not for loan Collection code Permanent location Current location Shelving location Date acquired Total Checkouts Full call number Barcode Date last seen Price effective from Koha item type
          Koleksioni i përgjithshem UBT - Lipjan UBT - Lipjan Koleksioni i përgjithshem 03/01/2018   759.9407402132 POT 002-3000573 03/01/2018 03/01/2018 Books
UBT Library © 2015-2024. All rights reserved University Education for Business and Technology